• 首页
  • 本馆介绍
  • 公告通知
  • 最新文献
  • 馆藏检索
  • 电子资源
  • 读者导购
  • 参考咨询
  • 我的图书馆
  • 登录
  • 详细信息显示
  • 放入我的书架
  • 预约/预借图书
  • 作者相关作品
  • 分类相关作品
  • 丛书相关作品
  • 出版社相关作品

书目信息

  • 表格格式
  • 工作单格式
  • 卡片格式
题名:
中国草业统计
    
 
作者: 李新一 , 王加亭 主编 ;全国畜牧总站 编
分册: 2017  
出版信息: 北京   中国农业出版社  2018
页数: 232页
开本: 21cm
丛书名:
单 册:
中图分类: S812.8-66
科图分类:
主题词: 草原资源--Cao Yuan Zi Yuan--统计资料--中国--2017
电子资源:
ISBN: 978-7-109-24752-9
000 01029nam0 2200277 45
001 012001000589
005 20191108092954.10
010    @a978-7-109-24752-9@dCNY60.00
099    @aCAL 012019066921
100    @a20190103d2018 em y0chiy50 ea
101 0  @achi
102    @aCN@b110000
105    @aafk z 000yy
106    @ar
200 1  @a中国草业统计@Azhong guo cao ye tong ji@h2017@f全国畜牧总站编
210    @a北京@c中国农业出版社@d2018
215    @a232页@c彩图@d21cm
314    @a书内题: 主编李新一, 王加亭
330    @a本书是反映2017年我国草业生产情况的统计资料。分4个部分。分别为草业发展综述, 草原保护建设统计、草原生产统计以及草原生物灾害统计, 术后附有主要指标解释、全国268个牧区半牧区县名录等。
606 0  @a草原资源@ACao Yuan Zi Yuan@x统计资料@y中国@z2017
690    @aS812.8-66@v5
701  0 @a李新一@Ali xin yi@4主编
701  0 @a王加亭@Awang jia ting@4主编
712 02 @a全国畜牧总站@Aquan guo xu mu zong zhan@4编
801  0 @aCN@b北京卓展文化@c20191020
905    @b1200672-3@dS812.8-66@e195(2017)@f2
    
    中国草业统计.2017/全国畜牧总站编.-北京:中国农业出版社,2018
    232页:彩图;21cm
    
    
    ISBN 978-7-109-24752-9:CNY60.00
    本书是反映2017年我国草业生产情况的统计资料。分4个部分。分别为草业发展综述, 草原保护建设统计、草原生产统计以及草原生物灾害统计, 术后附有主要指标解释、全国268个牧区半牧区县名录等。
●
相关链接 在E读中查询图书 在五车中查询图书 在当当中查询图书 在豆瓣中查询图书


正题名:中国草业统计     索取号:S812.8-66/195(2017)         预约/预借

序号 登录号 条形码 馆藏地/架位号 状态 备注
1 1200672   212006728   第二样本阅览室/ [索取号:S812.8-66/195(2017)] 在馆    
2 1200673   212006737   第三借阅区/ [索取号:S812.8-66/195(2017)] 在馆    
唐山师范学院图书馆 欢迎您!
大连网信软件有限公司© 版权所有